=LDR 00000nam 2200000 4500 =001 INLIS000000000062436 =005 20230815122657 =035 ##$$a 0010-0823000099 =007 ta =008 230815###########################0###### =082 ##$$a 959.865 21 Lig s =084 ##$$a 959.865 21 Lig s A.L s =100 #$$a A.LIGTVOET =245 1#$$a SUMBAWAQ TAHUN 1876 : $b CATATAN TENTANG PEMERINTAHAN, EKONOMI DAN ETNOGRAFI KESULTANAN SUMBAWA =260 ##$$a Yogyakarta :$b Mangkutudan MJ 3/216,$c 2021 =300 ##$$a xxx, 169 halaman : $b Ilustrasi ; $c 21 cm =650 #4$$a Sumbawa - Sejarah =700 #$$a Editor, Tim Stelkendo =990 ##$$a 06260626 =990 ##$$a 52/282/2023